000 00554nam a2200205Ia 4500
005 20250923150346.0
008 008 250917s9999 xx 000 0 eng d
037 _aTextual
040 _aDSWL
_beng
_cDSWL
041 _aeng
_2eng
084 _aY5927.2, Q8
_qDSWL
100 _aKiran, Usha
_9845087
245 0 _aImpact of Ambedkar movement on Delhi
_cby Usha Kiran
260 _aNew Delhi
_b Ishwar
_c2018
300 _a288 p.
365 _aINR
_b1495
925 _g1495
942 _cTEXL
_hY5927.2, Q8
999 _c1462598
_d1462598